|
|
|
|
| LEADER |
00836pam a22002298a 4500 |
| 001 |
00021746 |
| 005 |
20171026081025.0 |
| 008 |
110526s2001 ||||||Viesd |
| 041 |
0 |
# |
|a Vie
|
| 082 |
1 |
4 |
|a 576.5
|b NG527L
|
| 100 |
0 |
# |
|a Lê Đình Lương
|
| 245 |
0 |
0 |
|a Nguyên lý kĩ thuật di truyền
|c Lê Đình Lương
|
| 260 |
# |
# |
|a H.
|b Khoa học kỹ thuật
|c 2001
|
| 300 |
# |
# |
|a 200 tr.
|c 29 cm.
|
| 650 |
# |
4 |
|a Di truyền
|
| 653 |
# |
# |
|a Kỹ thuật
|
| 852 |
# |
# |
|b Kho giáo trình
|j KGT.0010021, KGT.0010022, KGT.0010023, KGT.0010024
|
| 852 |
# |
# |
|b Kho mượn
|j KGT.0010021
|
| 852 |
# |
# |
|b Kho đọc
|j KD.0006447
|
| 852 |
# |
# |
|j KGT.0010021
|j KGT.0010022
|j KGT.0010023
|j KD.0006447
|j KGT.0010024
|
| 910 |
0 |
# |
|a Hoa Lê
|d 26/05/2011
|
| 980 |
# |
# |
|a Trung tâm Học liệu Lê Vũ Hùng, Trường Đại học Đồng Tháp
|